| 000 | 003920000a22001570004500 | ||
|---|---|---|---|
| 020 | _a3211814345 | ||
| 060 | _a100 | ||
| 082 | _a582.130 12 KUB | ||
| 100 | _aKubitzki, K | ||
| 245 | _aFlowering plants: evolution & Classification of higher categories | ||
| 260 | _aNewyork, Springer Verlay Wien | ||
| 260 | _c1977 | ||
| 300 | _a416 | ||
| 650 | _aBotany/ plants evolution | ||
| 942 | _cBK | ||
| 999 |
_c359713 _d359713 |
||